El arte románico en España / (Record no. 58568)

MARC details
000 -LEADER
campo de control de longitud fija 00606nam a2200181 i 4500
001 - NÚMERO DE CONTROL
campo de control 58568
003 - IDENTIFICADOR DE NÚMERO DE CONTROL
campo de control ES-MaACL
007 - CAMPO FIJO DE DESCRIPCIÓN FÍSICA--INFORMACIÓN GENERAL
campo de control de longitud fija t|
008 - DATOS DE LONGITUD FIJA--INFORMACIÓN GENERAL
campo de control de longitud fija 031023s1972 sp ||||1| spa d
100 1# - ENTRADA PRINCIPAL--NOMBRE DE PERSONA
Nombre de persona Durliat, Marcel.
9 (RLIN) 46304
245 13 - MENCIÓN DEL TÍTULO
Título El arte románico en España /
Mención de responsabilidad, etc. Marcel Durliat ; fotografías de Jean Dieuzaide (Yan) ; [traducción de Mª Dolores Raich Ullán].
250 ## - MENCION DE EDICION
Mención de edición [2ª ed.].
260 ## - PUBLICACIÓN, DISTRIBUCIÓN, ETC.
Lugar de publicación, distribución, etc. Barcelona :
Nombre del editor, distribuidor, etc. Juventud,
Fecha de publicación, distribución, etc. [1972]
300 ## - DESCRIPCIÓN FÍSICA
Extensión 94 p., 248 lám. ;
Dimensiones 31 cm.
700 1# - ENTRADA AGREGADA--NOMBRE PERSONAL
Nombre de persona Dieuzaide, Jean.
9 (RLIN) 44638
700 1# - ENTRADA AGREGADA--NOMBRE PERSONAL
Nombre de persona Raich Ullán, María Dolores.
9 (RLIN) 95020
852 ## - LOCALIZACIÓN
Ubicación ES-MaACL
Número de control de estantería E-8783
Sublocalización o colección R.93127
Holdings
Estatus retirado Estado de pérdida Estado de daño No para préstamo Biblioteca de origen Biblioteca actual Ubicación en estantería Fecha de adquisición Fuente de adquisición Total de préstamos Signatura topográfica completa Código de barras Visto por última vez Precio de reemplazo Tipo de ítem Koha
        Biblioteca del Ateneo de Madrid Biblioteca del Ateneo de Madrid Depósito 2 17/01/2008     E-8783 1061449 23/02/2023 23/02/2023 Libro impreso